[Event "NED-chT 2223"]
[Site "Netherlands"]
[Date "2023.03.11"]
[Round "7.5"]
[White "Ernst, Sipke"]
[Black "Krudde, Fitzgerald"]
[Result "1-0"]
[WhiteElo "2515"]
[BlackElo "2283"]
[PlyCount "81"]
[EventDate "2022.09.17"]
[EventType "team-tourn"]
[EventRounds "9"]
[EventCountry "NED"]
[SourceTitle "CBM 213 Extra"]
[Source "ChessBase"]
[SourceDate "2023.05.31"]
[SourceVersion "1"]
[SourceVersionDate "2023.05.31"]
[SourceQuality "1"]
[WhiteTeam "Groningen Combinatie"]
[BlackTeam "Amstelveen Zukertort"]
[WhiteTeamCountry "NED"]
[BlackTeamCountry "NED"]

1. d4 Nf6 2. c4 e6 3. Nc3 d5 4. cxd5 exd5 5. Bg5 c6 6. Qc2 Be7 7. e3 Bg4 8. h3 Bh5 9. f4 h6 10. Bxf6 Bxf6 11. Bd3 Bh4+ 12. Kf1 Qe7 13. Qd2 Bg6 14. Nf3 Nd7 15. g3 Bf6 16. Bxg6 fxg6 17. Kg2 g5 18. Ne5 Qe6 19. Rae1 gxf4 20. exf4 Bxe5 21. dxe5 h5 22. Rhf1 0-0 23. Kh2 Rf7 24. Qf2 g6 25. Ne2 c5 26. Ng1 Raf8 27. Nf3 Rf5 28. Qc2 Kg7 29. b4 b6 30. Qb3 Re8 31. Ng5 Qc6 32. b5 Qb7 33. Nf3 d4 34. Nh4 Rff8 35. e6 Nb8 36. Qd3 Rf6 37. f5 Qd5 38. Nxg6 c4 39. Nf4 Qxf5 40. Qxd4 Kh6 41. Re5 1-0

[Event "NED-chT 0607"]
[Site "Netherlands"]
[Date "2006.12.16"]
[Round "4.3"]
[White "Krudde, Fitzgerald"]
[Black "Dambacher, Martijn"]
[Result "1/2-1/2"]
[WhiteElo "2317"]
[BlackElo "2425"]
[PlyCount "103"]
[EventDate "2006.09.23"]
[EventType "team-tourn"]
[EventRounds "9"]
[EventCountry "NED"]
[SourceTitle "EXT 2008"]
[Source "ChessBase"]
[SourceDate "2007.11.25"]
[SourceVersion "1"]
[SourceVersionDate "2007.11.25"]
[SourceQuality "1"]
[WhiteTeam "Nijmegen"]
[BlackTeam "Utrecht"]
[WhiteTeamCountry "NED"]
[BlackTeamCountry "NED"]

1. d4 Nf6 2. c4 e6 3. Nf3 d5 4. Nc3 Be7 5. cxd5 exd5 6. Bg5 c6 7. Qc2 g6 8. e3 Bf5 9. Bd3 Bxd3 10. Qxd3 Nbd7 11. 0-0 0-0 12. Rab1 a5 13. a3 Re8 14. Bxf6 Nxf6 15. b4 axb4 16. axb4 Bd6 17. b5 Ra3 18. Qc2 Qa5 19. Rb3 Rxb3 20. Qxb3 Ne4 21. Nxe4 dxe4 22. Ng5 Re7 23. Rb1 Qxb5 24. Qxb5 cxb5 25. Rxb5 f6 26. Rb6 Bxh2+ 27. Kxh2 fxg5 28. Kg3 Kg7 29. f3 exf3 30. Kxf3 Rf7+ 31. Ke4 h5 32. d5 h4 33. Ke5 g4 34. e4 h3 35. gxh3 gxh3 36. Rb3 h2 37. Rh3 Rf2 38. d6 Kf7 39. d7 Rd2 40. Rh7+ Kg8 41. Rxh2 Rxd7 42. Ke6 Rd4 43. e5 Kg7 44. Rb2 g5 45. Kf5 Rf4+ 46. Kxg5 Rf1 47. Rxb7+ Kf8 48. Rb6 Ke7 49. Rf6 Rxf6 50. exf6+ Kf7 51. Kf5 Kf8 52. Kg6 1/2-1/2

[Event "NED-chT 0607"]
[Site "Netherlands"]
[Date "2006.11.11"]
[Round "3.1"]
[White "Siebrecht, Sebastian"]
[Black "Krudde, Fitzgerald"]
[Result "1-0"]
[WhiteElo "2457"]
[BlackElo "2317"]
[PlyCount "75"]
[EventDate "2006.09.23"]
[EventType "team-tourn"]
[EventRounds "9"]
[EventCountry "NED"]
[SourceTitle "CBM 115 Extra"]
[Source "ChessBase"]
[SourceDate "2007.01.10"]
[SourceVersion "1"]
[SourceVersionDate "2007.01.10"]
[SourceQuality "1"]
[WhiteTeam "Homburg Apeldoorn"]
[BlackTeam "Nijmegen"]
[WhiteTeamCountry "NED"]
[BlackTeamCountry "NED"]

1. d4 Nf6 2. Nf3 d5 3. c4 e6 4. Nc3 c5 5. cxd5 Nxd5 6. e4 Nxc3 7. bxc3 cxd4 8. cxd4 Bb4+ 9. Bd2 Bxd2+ 10. Qxd2 0-0 11. Rd1 Bd7 12. Bd3 Ba4 13. Rb1 Nc6 14. d5 exd5 15. exd5 Re8+ 16. Be2 Ne7 17. Rb4 b5 18. Rd4 Rc8 19. 0-0 Nf5 20. Rf4 Rc2 21. Qd3 Rcxe2 22. Qxf5 f6 23. Qd3 Qd6 24. Rh4 h6 25. Rh5 Qc5 26. h3 b4 27. Rh4 a5 28. d6 R2e6 29. d7 Rd8 30. Nd4 Rd6 31. Qe3 Qg5 32. f4 Qxh4 33. Nf5 Qh5 34. Nxd6 Rxd7 35. Qe6+ Kh7 36. Rc1 Qg6 37. f5 Qg3 38. Rc8 1-0

[Event "NED-chT 0607"]
[Site "Netherlands"]
[Date "2006.10.14"]
[Round "2.6"]
[White "Krudde, Fitzgerald"]
[Black "Vogel, Jaap"]
[Result "1-0"]
[WhiteElo "2317"]
[BlackElo "2246"]
[PlyCount "55"]
[EventDate "2006.09.23"]
[EventType "team-tourn"]
[EventRounds "9"]
[EventCountry "NED"]
[SourceTitle "CBM 115 Extra"]
[Source "ChessBase"]
[SourceDate "2007.01.10"]
[SourceVersion "1"]
[SourceVersionDate "2007.01.10"]
[SourceQuality "1"]
[WhiteTeam "Nijmegen"]
[BlackTeam "Enschede ESGOO"]
[WhiteTeamCountry "NED"]
[BlackTeamCountry "NED"]

1. d4 e6 2. c4 Nf6 3. Nc3 Bb4 4. Nf3 b6 5. g3 Bb7 6. Bg2 Bxc3+ 7. bxc3 d6 8. 0-0 Nbd7 9. Nh4 Bxg2 10. Kxg2 Qc8 11. Qd3 Qb7+ 12. f3 h6 13. Kg1 g5 14. Ng2 0-0-0 15. a4 a5 16. Rb1 e5 17. Qf5 e4 18. Ne3 Rde8 19. f4 Rhg8 20. c5 gxf4 21. Qxf4 dxc5 22. dxc5 Qc6 23. cxb6 cxb6 24. c4 h5 25. c5 Qxc5 26. Rb5 Qc7 27. Nf5 Rg4 28. Nd6+ 1-0

[Event "NED-chT 0304"]
[Site "Netherlands"]
[Date "2003.12.13"]
[Round "4.3"]
[White "Bertholee, Rob"]
[Black "Krudde, Fitzgerald"]
[Result "0-1"]
[WhiteElo "2401"]
[BlackElo "2273"]
[PlyCount "108"]
[EventDate "2003.09.27"]
[EventType "team-tourn"]
[EventRounds "9"]
[EventCountry "NED"]
[SourceTitle "EXT 2014"]
[Source "ChessBase"]
[SourceDate "2013.11.20"]
[SourceVersion "1"]
[SourceVersionDate "2013.11.20"]
[SourceQuality "1"]
[WhiteTeam "Amstelveen"]
[BlackTeam "Nijmegen"]
[WhiteTeamCountry "NED"]
[BlackTeamCountry "NED"]

1. Nc3 a6 2. g3 h5 3. Bg2 h4 4. d4 d6 5. Nh3 d5 6. Bg5 Nf6 7. Qd2 Nc6 8. 0-0-0 Bf5 9. Nf4 hxg3 10. Nfxd5 Nxd5 11. Nxd5 Bh3 12. Bxh3 Qxd5 13. hxg3 Qxa2 14. Qf4 Rxh3 15. Rxh3 f6 16. Rh8 0-0-0 17. c3 Qa1+ 18. Kc2 Qa4+ 19. Kd2 Qb5 20. Qg4+ Kb8 21. Be3 Qxb2+ 22. Ke1 Qxc3+ 23. Kf1 e5 24. d5 Ne7 25. Qe6 Qb3 26. Rd3 Qb1+ 27. Kg2 Nc8 28. Qf7 Qb4 29. Bd2 Qe4+ 30. Kf1 Be7 31. f3 Qf5 32. e4 Qd7 33. Rxd8 Qxd8 34. Qxg7 Qe8 35. Qh7 Qb5 36. Ke2 Bc5 37. f4 Nd6 38. fxe5 fxe5 39. Qh8+ Ka7 40. Qxe5 Nc4 41. Qxc7 Bb6 42. Qh7 Qc5 43. Qh2 Nb2 44. Rc3 Qb5+ 45. Kf3 Nd1 46. Rc1 Qd3+ 47. Kg4 Nf2+ 48. Kh5 Qxd2 49. Rg1 Bd8 50. Kg6 Qg5+ 51. Kf7 Qe7+ 52. Kg6 Qf6+ 53. Kh7 Qf7+ 54. Kh6 Ng4# 0-1

[Event "NED-chT 9900"]
[Site "Netherlands"]
[Date "2000.04.30"]
[Round "8"]
[White "Oosterom, Erik"]
[Black "Krudde, Fitzgerald"]
[Result "1/2-1/2"]
[WhiteElo "2194"]
[BlackElo "2252"]
[PlyCount "107"]
[EventDate "2000.02.05"]
[EventType "team-tourn"]
[EventRounds "9"]
[EventCountry "NED"]
[SourceTitle "CBM 076 Extra"]
[Source "ChessBase"]
[SourceDate "2000.07.11"]
[SourceVersion "1"]
[SourceVersionDate "2000.07.11"]
[SourceQuality "1"]
[WhiteTeam "Utrecht"]
[BlackTeam "Nijmegen"]
[WhiteTeamCountry "NED"]
[BlackTeamCountry "NED"]

1. d4 d5 2. Nf3 Nf6 3. c4 e6 4. Nc3 c5 5. e3 a6 6. Bd3 dxc4 7. Bxc4 b5 8. Bb3 Bb7 9. 0-0 Nbd7 10. d5 exd5 11. Nxd5 c4 12. Nxf6+ Nxf6 13. Bc2 Be7 14. Bd2 Ne4 15. Be1 0-0 16. Qxd8 Bxd8 17. a4 Bf6 18. Nd4 Bxd4 19. exd4 Rfd8 20. Bxe4 Bxe4 21. Bc3 Bd5 22. Rfe1 Be6 23. axb5 axb5 24. Rxa8 Rxa8 25. f3 Rb8 26. Bb4 Rd8 27. Re5 Rd5 28. Kf2 g5 29. Ke3 Kg7 30. g4 Rxe5+ 31. dxe5 f5 32. gxf5 Bxf5 33. Kd4 Kf7 34. Kc5 Ke6 35. Bc3 Bd3 36. Kxb5 Kd5 37. Kb6 h6 38. Kc7 Ke6 39. Kc6 Be2 40. Kc5 h5 41. Kd4 h4 42. Ke3 Bf1 43. Kf2 Bd3 44. Bd2 Kxe5 45. Bxg5 h3 46. Ke3 Bf1 47. Bf4+ Kf5 48. Bc7 Bg2 49. Kd4 Bf1 50. Bg3 Be2 51. Bb8 Bf1 52. Ke3 Bg2 53. Kf2 Bh1 54. Bg3 1/2-1/2

[Event "NED-chT 9900"]
[Site "Netherlands"]
[Date "2000.04.29"]
[Round "7"]
[White "Krudde, Fitzgerald"]
[Black "Cifuentes Parada, Roberto"]
[Result "0-1"]
[WhiteElo "2252"]
[BlackElo "2483"]
[PlyCount "100"]
[EventDate "2000.02.05"]
[EventType "team-tourn"]
[EventRounds "9"]
[EventCountry "NED"]
[SourceTitle "CBM 076 Extra"]
[Source "ChessBase"]
[SourceDate "2000.07.11"]
[SourceVersion "1"]
[SourceVersionDate "2000.07.11"]
[SourceQuality "1"]
[WhiteTeam "Nijmegen"]
[BlackTeam "Rotterdam"]
[WhiteTeamCountry "NED"]
[BlackTeamCountry "NED"]

1. d4 d5 2. c4 dxc4 3. e3 Nf6 4. Bxc4 e6 5. Nf3 c5 6. 0-0 Nc6 7. Qe2 cxd4 8. Rd1 Be7 9. exd4 0-0 10. Nc3 Na5 11. Bd3 b6 12. Bg5 Bb7 13. Ne5 Nd5 14. Qh5 f5 15. Bd2 Rc8 16. Qe2 Bg5 17. Nxd5 Qxd5 18. f4 Bf6 19. Bc3 Rc7 20. Re1 Bh4 21. Rf1 Rfc8 22. Nf3 Bf6 23. Rfe1 Re7 24. h3 Qd6 25. Ne5 Bh4 26. Red1 Rec7 27. Kh2 Qd5 28. Nf3 Bf6 29. Re1 Re7 30. Ne5 g5 31. fxg5 Bxg5 32. Nf3 Bf4+ 33. Kh1 Bg3 34. Rf1 Rg7 35. Rad1 Nc4 36. Bc2 b5 37. Bb3 Qe4 38. Qxe4 fxe4 39. Ng1 Bd5 40. Rc1 e3 41. Bd1 Nd6 42. Bf3 Ne4 43. Bxe4 Bxe4 44. d5 Rgc7 45. d6 Bxd6 46. Rce1 b4 47. Bd4 Rc2 48. Nf3 e2 49. Rf2 Bg3 50. Rfxe2 Bxf3 0-1

[Event "NED-chT 9900"]
[Site "Netherlands"]
[Date "2000.02.06"]
[Round "2"]
[White "Glek, Igor Vladimirovich"]
[Black "Krudde, Fitzgerald"]
[Result "1-0"]
[WhiteElo "2554"]
[BlackElo "2252"]
[PlyCount "59"]
[EventDate "2000.02.05"]
[EventType "team-tourn"]
[EventRounds "9"]
[EventCountry "NED"]
[SourceTitle "CBM 074 Extra"]
[Source "ChessBase"]
[SourceDate "2000.03.10"]
[SourceVersion "2"]
[SourceVersionDate "2000.03.10"]
[SourceQuality "1"]
[WhiteTeam "Bussum"]
[BlackTeam "Nijmegen"]
[WhiteTeamCountry "NED"]
[BlackTeamCountry "NED"]

1. e4 e6 2. d4 d5 3. Nc3 dxe4 4. Nxe4 Be7 5. Nf3 Nf6 6. Bd3 Nbd7 7. Qe2 c5 8. Nxf6+ Nxf6 9. dxc5 Qa5+ 10. c3 Qxc5 11. 0-0 0-0 12. Ng5 Qc7 13. Qf3 Bd7 14. Bf4 e5 15. Rfe1 Bd6 16. Bg3 Bc6 17. Ne4 Kh8 18. Rad1 Rae8 19. Qf5 Bd7 20. Qg5 Nxe4 21. Rxe4 f6 22. Qh5 g6 23. Qh6 Bc5 24. b4 Bf5 25. bxc5 Bxe4 26. Bxe4 f5 27. Bd5 Qxc5 28. c4 b5 29. cxb5 Qxb5 30. Bxe5+ 1-0

[Event "NED-chT 9697"]
[Site "Netherlands"]
[Date "1996.??.??"]
[Round "?"]
[White "De Jager, Jaap"]
[Black "Krudde, Fitzgerald"]
[Result "0-1"]
[WhiteElo "2205"]
[BlackElo "2255"]
[PlyCount "106"]
[EventDate "1996.??.??"]
[EventType "team"]
[EventRounds "11"]
[EventCountry "NED"]
[SourceTitle "EXT 2000"]
[Source "ChessBase"]
[SourceDate "1999.11.16"]
[SourceVersion "1"]
[SourceVersionDate "1999.11.16"]
[SourceQuality "1"]

1. c4 c5 2. g3 g6 3. Bg2 Bg7 4. Nc3 Nc6 5. e4 d6 6. Nge2 h5 7. h4 Nf6 8. d3 Ng4 9. 0-0 Rb8 10. a3 a6 11. Rb1 b5 12. cxb5 axb5 13. b4 cxb4 14. axb4 e5 15. Kh1 0-0 16. f3 Nf6 17. Bg5 Qb6 18. d4 Nxd4 19. Be3 Qc7 20. Bxd4 exd4 21. Qxd4 Be6 22. Qd2 Bc4 23. Rfc1 Qe7 24. Nd4 Rb6 25. Nc2 d5 26. Nxd5 Nxd5 27. exd5 Ba2 28. Re1 Qd6 29. f4 Bxb1 30. Rxb1 Re8 31. Nd4 Bxd4 32. Qxd4 Qf6 33. Qc5 Rbb8 34. Rd1 Rec8 35. Qa7 Qd6 36. Rb1 Ra8 37. Qf2 Ra3 38. Kh2 Rcc3 39. Re1 Kh7 40. Re8 Rxg3 41. Qxg3 Rxg3 42. Kxg3 Qxb4 43. Bf3 Qd2 44. Re2 Qd1 45. Re7 Qg1+ 46. Bg2 Kg7 47. Re5 f6 48. Re7+ Kf8 49. Re6 Kf7 50. Rc6 Qe1+ 51. Kf3 b4 52. Rc7+ Ke8 53. Rb7 Kd8 0-1

[Event "NED-chT 9697"]
[Site "Netherlands"]
[Date "1996.??.??"]
[Round "7"]
[White "Krudde, Fitzgerald"]
[Black "Bartels, Hans A"]
[Result "1-0"]
[WhiteElo "2255"]
[BlackElo "2335"]
[PlyCount "83"]
[EventDate "1996.??.??"]
[EventType "team"]
[EventRounds "11"]
[EventCountry "NED"]
[SourceTitle "EXT 2001"]
[Source "ChessBase"]
[SourceDate "2000.11.22"]
[SourceVersion "1"]
[SourceVersionDate "2000.11.22"]
[SourceQuality "1"]

1. d4 d5 2. c4 e6 3. Nc3 Nf6 4. cxd5 exd5 5. Bg5 Be7 6. Qc2 c6 7. e3 Nbd7 8. Bd3 0-0 9. Nf3 Re8 10. 0-0 Nf8 11. Rab1 a5 12. a3 Ng6 13. b4 Bd6 14. Bf5 axb4 15. axb4 h6 16. Bxf6 Qxf6 17. Bxc8 Raxc8 18. b5 Ne7 19. bxc6 bxc6 20. Na4 g5 21. Rb7 g4 22. Nd2 Nf5 23. Rfb1 Rxe3 24. fxe3 Nxe3 25. Qd3 Bxh2+ 26. Kxh2 Qf2 27. Qxe3 Qxe3 28. Nf1 Qxd4 29. R7b4 Qe5+ 30. Ng3 h5 31. Rf1 d4 32. Rf5 Qd6 33. Rg5+ Kf8 34. Nc5 h4 35. Rb7 Qxg3+ 36. Kh1 h3 37. Nd7+ Ke7 38. Rxg4 hxg2+ 39. Kg1 Qe3+ 40. Kxg2 Kd6 41. Nb6 Rh8 42. Nc4+ 1-0

[Event "NED-chT 9697"]
[Site "Netherlands"]
[Date "1996.??.??"]
[Round "?"]
[White "Krudde, Fitzgerald"]
[Black "Deleyn, Gunter"]
[Result "1-0"]
[WhiteElo "2255"]
[BlackElo "2275"]
[PlyCount "109"]
[EventDate "1996.??.??"]
[EventType "team"]
[EventRounds "11"]
[EventCountry "NED"]
[SourceTitle "EXT 2000"]
[Source "ChessBase"]
[SourceDate "1999.11.16"]
[SourceVersion "1"]
[SourceVersionDate "1999.11.16"]
[SourceQuality "1"]

1. d4 Nf6 2. c4 e6 3. Nf3 Bb4+ 4. Nc3 c5 5. g3 0-0 6. Bg2 Qe7 7. d5 Bxc3+ 8. bxc3 e5 9. 0-0 d6 10. Nh4 Nh5 11. e4 Nf4 12. gxf4 Qxh4 13. fxe5 dxe5 14. f4 Bg4 15. Qd3 Nd7 16. f5 Kh8 17. Bd2 Rab8 18. a4 Qf6 19. Rae1 Qd6 20. Qg3 Bh5 21. Qh4 g6 22. f6 a6 23. Bh6 Rg8 24. Re3 b5 25. axb5 axb5 26. cxb5 Rxb5 27. Rh3 Rb6 28. Bg5 Rgb8 29. Qf2 Rb2 30. Qh4 Rb1 31. c4 Qa6 32. Rc3 Qa1 33. Rcc1 Rxc1 34. Rxc1 Rb1 35. Qe1 Rxc1 36. Qxc1 Qxc1+ 37. Bxc1 Be2 38. Bh3 Nxf6 39. Bb2 Nxe4 40. Bxe5+ f6 41. d6 Nxd6 42. Bxd6 Bxc4 43. Bxc5 Kg7 44. Kf2 Bd3 45. Be6 g5 46. Ke3 Bc2 47. Kd4 Kg6 48. Be7 h5 49. Bd7 Bd1 50. Bd8 g4 51. Ke4 Kg5 52. Bc7 Bc2+ 53. Ke3 h4 54. Bf4+ Kh5 55. Be8+ 1-0

[Event "NED-chT 9697"]
[Site "Netherlands"]
[Date "1996.??.??"]
[Round "?"]
[White "Krudde, Fitzgerald"]
[Black "Van der Wiel, John"]
[Result "0-1"]
[WhiteElo "2255"]
[BlackElo "2535"]
[PlyCount "80"]
[EventDate "1996.??.??"]
[EventType "team"]
[EventRounds "11"]
[EventCountry "NED"]
[SourceTitle "EXT 2000"]
[Source "ChessBase"]
[SourceDate "1999.11.16"]
[SourceVersion "1"]
[SourceVersionDate "1999.11.16"]
[SourceQuality "1"]

1. d4 d6 2. e4 Nf6 3. Nd2 g6 4. Ngf3 Bg7 5. Be2 0-0 6. 0-0 Nbd7 7. c3 e5 8. dxe5 dxe5 9. Qc2 b6 10. Re1 Bb7 11. a4 a6 12. b3 h6 13. Bf1 Re8 14. Nc4 Qc8 15. Nfd2 Bc6 16. f3 Nf8 17. Ne3 Ne6 18. Ndc4 Nf4 19. Rd1 Qe6 20. Bd2 Nd7 21. Be1 Nc5 22. b4 Nb7 23. g3 Nh3+ 24. Kh1 Ng5 25. Bg2 b5 26. Nd2 bxa4 27. Nd5 Qc8 28. h4 Ne6 29. Bf1 a5 30. Nc4 axb4 31. Nxb4 Bd7 32. Bf2 Nec5 33. Be3 Be6 34. Nd5 Nb3 35. Ra2 Kh7 36. Rb1 f5 37. Rxa4 Rxa4 38. Qxb3 Rxc4 39. Bxc4 Na5 40. Qb5 Nxc4 0-1

[Event "NED-chT 9596"]
[Site "Netherlands"]
[Date "1995.??.??"]
[Round "?"]
[White "Krudde, Fitzgerald"]
[Black "Abbink, Michel"]
[Result "1-0"]
[WhiteElo "2255"]
[BlackElo "2295"]
[PlyCount "59"]
[EventDate "1995.??.??"]
[EventType "team"]
[EventRounds "9"]
[EventCountry "NED"]
[SourceTitle "EXT 1999"]
[Source "ChessBase"]
[SourceDate "1998.11.16"]
[SourceVersion "1"]
[SourceVersionDate "1998.11.16"]
[SourceQuality "1"]

1. d4 d5 2. Nf3 Nf6 3. c4 c6 4. e3 g6 5. Nc3 Bg7 6. Bd3 0-0 7. 0-0 dxc4 8. Bxc4 Bg4 9. h3 Bxf3 10. Qxf3 Nbd7 11. Rd1 e5 12. d5 Qc8 13. e4 b5 14. dxc6 bxc4 15. cxd7 Nxd7 16. Nd5 Kh8 17. Be3 Qb7 18. Rac1 Rac8 19. Qe2 f5 20. f3 fxe4 21. fxe4 Nf6 22. Nxf6 Bxf6 23. Rxc4 Rxc4 24. Qxc4 Qxb2 25. Rd7 Bd8 26. Rxd8 Rxd8 27. Qf7 Qb8 28. Bh6 Qb6+ 29. Kh2 Rg8 30. Qe7 1-0

[Event "NED-chT 9495"]
[Site "Netherlands"]
[Date "1994.??.??"]
[Round "1"]
[White "Krudde, Fitzgerald"]
[Black "Loeffler, Stefan"]
[Result "0-1"]
[WhiteElo "2255"]
[BlackElo "2440"]
[PlyCount "40"]
[EventDate "1994.??.??"]
[EventType "team"]
[EventRounds "9"]
[EventCountry "NED"]
[SourceTitle "EXT 1998"]
[Source "ChessBase"]
[SourceDate "1997.11.17"]
[SourceVersion "1"]
[SourceVersionDate "1997.11.17"]
[SourceQuality "1"]

1. d4 d5 2. Nf3 e6 3. c4 dxc4 4. e3 a6 5. Bxc4 Nf6 6. 0-0 c5 7. a3 Qc7 8. Qe2 Nc6 9. Nc3 b5 10. Ba2 Bb7 11. Rd1 Be7 12. e4 cxd4 13. Nxd4 Nxd4 14. Rxd4 Bd6 15. Kh1 h5 16. Rd3 Ng4 17. Rh3 Bc5 18. Nd1 Qe5 19. Bb1 Rd8 20. Bd3 Bxe4 0-1

[Event "NED-chT 9495"]
[Site "Netherlands"]
[Date "1994.??.??"]
[Round "8"]
[White "Pieterse, Gert"]
[Black "Krudde, Fitzgerald"]
[Result "1/2-1/2"]
[WhiteElo "2385"]
[BlackElo "2255"]
[PlyCount "58"]
[EventDate "1994.??.??"]
[EventType "team"]
[EventRounds "9"]
[EventCountry "NED"]
[SourceTitle "EXT 1998"]
[Source "ChessBase"]
[SourceDate "1997.11.17"]
[SourceVersion "1"]
[SourceVersionDate "1997.11.17"]
[SourceQuality "1"]

1. d4 Nf6 2. c4 e6 3. Nc3 d5 4. cxd5 exd5 5. Bg5 c6 6. e3 Be7 7. Bd3 Ne4 8. Bxe7 Qxe7 9. Bxe4 dxe4 10. Nge2 Bg4 11. Qc2 Bxe2 12. Qxe2 0-0 13. 0-0 Nd7 14. a3 Rae8 15. Kh1 Qg5 16. f4 exf3 17. Rxf3 f5 18. Raf1 g6 19. e4 fxe4 20. Nxe4 Qd5 21. Rxf8+ Rxf8 22. Rxf8+ Kxf8 23. Qf2+ Kg7 24. Nc3 Qf7 25. Qe2 Nb6 26. Qe5+ Qf6 27. Qc7+ Qf7 28. Qe5+ Qf6 29. Qc7+ Qf7 1/2-1/2

[Event "NED-chT"]
[Site "Netherlands"]
[Date "1993.??.??"]
[Round "4"]
[White "Krudde, Fitzgerald"]
[Black "Van Gaalen, Bas"]
[Result "1-0"]
[WhiteElo "2235"]
[BlackElo "2390"]
[PlyCount "53"]
[EventDate "1993.??.??"]
[EventType "team"]
[EventRounds "11"]
[EventCountry "NED"]
[SourceTitle "EXT 1997"]
[Source "ChessBase"]
[SourceDate "1996.11.15"]
[SourceVersion "1"]
[SourceVersionDate "1996.11.15"]
[SourceQuality "1"]

1. d4 Nf6 2. c4 g6 3. g3 Bg7 4. Bg2 d5 5. cxd5 Nxd5 6. e4 Nb4 7. a4 N4c6 8. d5 Nd4 9. Nc3 0-0 10. Be3 c5 11. Nge2 Bg4 12. 0-0 Nxe2+ 13. Nxe2 Bxb2 14. Rb1 Ba3 15. Rxb7 Bb4 16. e5 Re8 17. h3 Bxe2 18. Qxe2 Nd7 19. e6 fxe6 20. Bh6 e5 21. d6 Rb8 22. Rxa7 Nf6 23. Qc4+ e6 24. Bg5 e4 25. Rd1 h6 26. Bxh6 Nd7 27. Qxe4 1-0

[Event "NED-ch46 sf"]
[Site "Enschede"]
[Date "1990.12.01"]
[Round "8"]
[White "Peek, Marcel"]
[Black "Krudde, Fitzgerald"]
[Result "1-0"]
[WhiteElo "2365"]
[BlackElo "2270"]
[PlyCount "109"]
[EventDate "1990.11.02"]
[EventType "swiss"]
[EventRounds "9"]
[EventCountry "NED"]
[SourceTitle "EXT 2002"]
[Source "ChessBase"]
[SourceDate "2001.11.25"]
[SourceVersion "1"]
[SourceVersionDate "2001.11.25"]
[SourceQuality "1"]

1. d4 Nf6 2. c4 g6 3. Nc3 Bg7 4. e4 d6 5. Nf3 0-0 6. Be2 Bg4 7. Bg5 c6 8. 0-0 Nbd7 9. h3 Bxf3 10. Bxf3 Qa5 11. Qd2 Rfc8 12. a3 e5 13. d5 cxd5 14. b4 Qc7 15. Nxd5 Nxd5 16. cxd5 Bf6 17. Be3 a6 18. Rfc1 Qd8 19. g3 h5 20. h4 Nb6 21. Be2 Kf8 22. Bf1 Rxc1 23. Rxc1 Be7 24. Bh3 Nd7 25. Qc3 Nf6 26. f3 Ne8 27. a4 g5 28. hxg5 Bxg5 29. Qd2 Bxe3+ 30. Qxe3 Qf6 31. Rc8 Rxc8 32. Bxc8 h4 33. g4 h3 34. Kh2 Qh4 35. Bxb7 f5 36. exf5 Nf6 37. Qg1 Qg5 38. Kxh3 Qd2 39. Qb6 Qh6+ 40. Kg2 Qd2+ 41. Qf2 Qxb4 42. Bc6 Qf4 43. Qb2 Ne4 44. fxe4 Qxg4+ 45. Kf1 Qf3+ 46. Ke1 Qe3+ 47. Kd1 Qd3+ 48. Kc1 Qf1+ 49. Kc2 Qc4+ 50. Kd2 Ke7 51. Qb6 Qxe4 52. Qc7+ Kf6 53. Qxd6+ Kxf5 54. Bd7+ Kf4 55. Qh6+ 1-0

[Event "NED-ch46 sf"]
[Site "Enschede"]
[Date "1990.11.18"]
[Round "6"]
[White "Krudde, Fitzgerald"]
[Black "Van de Oudeweetering, Arthur"]
[Result "1/2-1/2"]
[WhiteElo "2270"]
[BlackElo "2345"]
[PlyCount "95"]
[EventDate "1990.11.02"]
[EventType "swiss"]
[EventRounds "9"]
[EventCountry "NED"]
[SourceTitle "EXT 2002"]
[Source "ChessBase"]
[SourceDate "2001.11.25"]
[SourceVersion "1"]
[SourceVersionDate "2001.11.25"]
[SourceQuality "1"]

1. Nf3 d5 2. d4 Nf6 3. c4 c6 4. e3 e6 5. Bd3 Nbd7 6. 0-0 Bd6 7. Nbd2 0-0 8. e4 dxe4 9. Nxe4 Nxe4 10. Bxe4 h6 11. b3 e5 12. Bc2 f5 13. dxe5 Nxe5 14. Bf4 Nxf3+ 15. Qxf3 Bxf4 16. Qxf4 Qg5 17. Qxg5 hxg5 18. Rad1 Be6 19. Rd6 Kf7 20. f4 gxf4 21. Rxf4 Ke7 22. c5 Rad8 23. Rb4 Bc8 24. Rbd4 Rxd6 25. Rxd6 Rd8 26. Rxd8 Kxd8 27. Kf2 Ke7 28. Ke3 Kf6 29. Kf4 Be6 30. h4 Bd5 31. g3 Ke6 32. a3 a5 33. b4 axb4 34. axb4 Kf6 35. b5 Be6 36. b6 Bd7 37. Bd3 Bc8 38. Be2 Bd7 39. Bf3 Bc8 40. Bg2 Bd7 41. Bf1 Bc8 42. Be2 g6 43. Bf3 Bd7 44. h5 gxh5 45. Bxh5 Be6 46. Be8 Bc8 47. Bh5 Be6 48. Bf3 1/2-1/2

[Event "NED-ch46 sf"]
[Site "Enschede"]
[Date "1990.11.16"]
[Round "4"]
[White "Hoeksema, Hendrik Pieter"]
[Black "Krudde, Fitzgerald"]
[Result "1-0"]
[WhiteElo "2365"]
[BlackElo "2270"]
[PlyCount "93"]
[EventDate "1990.11.02"]
[EventType "swiss"]
[EventRounds "9"]
[EventCountry "NED"]
[SourceTitle "EXT 2002"]
[Source "ChessBase"]
[SourceDate "2001.11.25"]
[SourceVersion "1"]
[SourceVersionDate "2001.11.25"]
[SourceQuality "1"]

1. d4 Nf6 2. c4 g6 3. Nc3 Bg7 4. e4 d6 5. Nf3 0-0 6. Be2 c5 7. 0-0 cxd4 8. Nxd4 Nc6 9. Nc2 b6 10. Be3 Bb7 11. Qd2 Rc8 12. f3 Qd7 13. Rfd1 Rfd8 14. Rac1 Qe8 15. Bg5 Qf8 16. Nd5 Nd7 17. b4 f6 18. Be3 Qe8 19. Nf4 e6 20. Na3 Nde5 21. Nb5 Bf8 22. a3 Ba8 23. Qa2 Kf7 24. Nh3 Kg8 25. Qb2 Qe7 26. Rd2 Nf7 27. Rcd1 Nce5 28. Qb3 g5 29. Nf2 Qb7 30. Nd4 Re8 31. h3 Qb8 32. Ng4 Nxg4 33. hxg4 d5 34. exd5 exd5 35. Nf5 Nd6 36. cxd5 Kf7 37. Nd4 Qb7 38. Ne6 Qd7 39. Bd4 Bxd5 40. Nxg5+ fxg5 41. Qxd5+ Re6 42. Qxg5 Bh6 43. Qh5+ Kg8 44. g5 Bf8 45. Bf6 Qe8 46. Qxe8 Nxe8 47. Bd3 1-0